Intramuros: palimpsestos sobre arte y paisaje

Na minha lista:
Detalhes bibliográficos
Autor principal: Goffard, Nathalie (autor)
Formato: Livro
Idioma:espanhol
Publicado em: Santiago, Chile: Ediciones Metales Pesados, 2019
Assuntos:
Tags: Adicionar Tag
Sem tags, seja o primeiro a adicionar uma tag!

MARC

LEADER 00000cam a2200000 a 4500
001 UCB0192
003 CL-VaPUC
005 20220505074517.0
008 191220e20190000cl spa d
999 |c 375899  |d 375897 
020 |a 978-956-6048-11-4 
040 |c Pontificia Universidad Católica de Valparaíso 
082 0 4 |a 701 GOF 2019  |2 21 
100 |a Goffard, Nathalie  |e autor  |9 604845 
245 1 0 |a Intramuros: palimpsestos sobre arte y paisaje 
260 |a Santiago, Chile:  |b Ediciones Metales Pesados,  |c 2019 
300 |a 109 páginas 
500 |a c.2. Donación Profesora Consuelo Rodríguez De Tezanos. Memo ART 02/2022. 05/04/2022 
583 |a last modification  |c 20191220 13:26:00  |k cmena 
650 0 0 |a Filosofía del arte  |9 264951 
650 0 0 |a Teoría del arte  |9 387638 
650 0 0 |a Crítica de arte  |9 334590 
942 |c BK  |2 ddc 
945 |a dcastane  |d 20191220 13:26:00 
952 |0 0  |1 0  |2 ddc  |4 0  |6 701_000000000000000_GOF_2019  |7 0  |9 495007  |a BIBART  |b BIBART  |d 2019-12-13  |e 4  |g 10000.00  |i 5568064  |o 701 GOF 2019  |p 5568064  |r 2025-03-13  |t 1  |v 10000.00  |w 2019-12-13  |y BK 
952 |0 0  |1 0  |2 ddc  |4 0  |6 701_000000000000000_GOF_2019  |7 0  |8 A  |9 582896  |a BIBART  |b BIBART  |d 2022-05-04  |e Donación  |i 5651045  |o 701 GOF 2019  |p 5651045  |r 2025-03-13  |t 2  |w 2022-05-04  |y BK  |k ART